| 000 | 00451nam a2200181Ia 4500 | ||
|---|---|---|---|
| 001 | 8186 | ||
| 008 | 140324s9999 xx 000 0 und d | ||
| 020 | _a1-57521-048-7 | ||
| 040 | _cPK-LaUMT | ||
| 082 |
_a 004.67 _bSWA-W |
||
| 100 | _aKittel, Drew, J.A. | ||
| 245 |
_aWorld Wide Web database developer's guide [+CD] _cKittel, Drew, J.A.<>Swank, Mark |
||
| 260 | _c1996 | ||
| 300 | _a782 p. | ||
| 546 | _aEN | ||
| 700 | _aSwank, Mark | ||
| 942 | _cBK | ||
| 999 |
_c9556 _d9556 |
||